European Country Codes - Statistics

General Stats
  • This quiz has been taken 26 times
  • The average score is 35 of 43
Answer Stats
Country Answer % Correct
Belgium BE
100%
Czechia CZ
100%
Denmark DK
100%
Romania RO
100%
United Kingdom UK
100%
Bulgaria BG
96%
Spain ES
96%
Finland FI
96%
France FR
96%
Hungary HU
96%
Liechtenstein LI
96%
Lithuania LT
96%
Luxembourg LU
96%
Latvia LV
96%
Malta MT
96%
Norway NO
96%
Poland PL
96%
Slovakia SK
96%
Albania AL
92%
Austria AT
92%
Cyprus CY
92%
Germany DE
92%
Italy IT
92%
Moldova MD
92%
Russia RU
92%
Portugal PT
88%
Sweden SE
88%
Ireland IE
84%
Netherlands NL
84%
Slovenia SI
80%
Türkiye (Turkey) TR
80%
Switzerland CH
76%
Bosnia and Herzagovina BA
72%
Ukraine UA
72%
Croatia HR
64%
Montenegro ME
64%
Estonia EE
52%
Iceland IS
52%
Serbia RS
32%
Belarus BY
28%
Greece EL
28%
North Macedonia MK
20%
Kosovo XK
16%
No matching quizzes found
Score Distribution
Percent of People with Each Score
Percentile by Number Answered
Your Score History
You have not taken this quiz